Statistics for Asian Geography by Letter - C

Click here to take the quiz!

General Stats

  • This quiz has been taken 82 times
  • The average score is 13 of 20

Answer Stats

HintAnswer% Correct
State in western MyanmarChin State
100%
The giant panda is endemic to this countryChina
99%
Island country in the MediterraneanCyprus
97%
Country with a temple on its flagCambodia
92%
Mountain range that separates Europe and AsiaCaucasus
88%
Largest city in Sri LankaColombo
88%
Language of southern ChinaCantonese
87%
The world's largest lakeCaspian Sea
87%
Large domestic animal often used for transportation throughout historycamel
79%
External territory of Australia named for a holidayChristmas Island
79%
City of 16 million in western ChinaChengdu
71%
Capital of the Indian state of Tamil NaduChennai
71%
The countries of Afghanistan, Kazakhstan, Kyrgyzstan, Tajikistan, Turkmenistan, and Uzbekistan make up this regionCentral Asia
65%
Directly-administered municipality of China with a total population of 32 millionChongqing
60%
Persian king who founded the Achaemenid EmpireCyrus the Great
58%
Alternate name of the Indonesian island of SulawesiCelebes
39%
Language spoken by almost 30 million people in the PhilippinesCebuano
36%
Ancient region in the LevantCanaan
17%
Landlocked state in central IndiaChhattisgarh
16%
Country in ancient Mesopotamia that was assimilated into BabyloniaChaldea
9%

Score Distribution

Percentile by Number Answered

Percent of People with Each Score

Your Score History

You have not taken this quiz